Regulating paradise : land use controls in Hawaii /

Bibliographic Details
Main Author: Callies, David L., 1943-
Format: Book
Language:English
Published: Honolulu : University of Hawaii Press, [1984]
Subjects:

MARC

Tag First Indicator Second Indicator Subfields
LEADER 00000pam a2200000 a 4500
001 in00000392021
005 20151011114647.0
008 840605s1984 hiua b s00110 eng
010 |a  84008718  
020 |a 0824808916 (pbk.) :  |c $14.95 
035 |a (OCoLC)10877514 
035 |9 ABS0734AM 
039 0 |a 2  |b 3  |c 3  |d 3  |e 3 
040 |a DLC  |c DLC  |d TXA  |d UtOrBLW 
043 |a n-us-hi 
049 |a TXAM  |c [A08466118] 
050 0 0 |a KFH458  |b .C35 1984 
082 0 |a 346.96904/5  |a 349.690645  |2 19 
100 1 |a Callies, David L.,  |d 1943- 
245 1 0 |a Regulating paradise :  |b land use controls in Hawaii /  |c David L. Callies. 
264 1 |a Honolulu :  |b University of Hawaii Press,  |c [1984] 
264 4 |c ©1984 
300 |a viii, 245 pages :  |b 1 illustration ;  |c 23 cm. 
336 |a text  |b txt  |2 rdacontent 
337 |a unmediated  |b n  |2 rdamedia 
338 |a volume  |b nc  |2 rdacarrier 
500 |a Includes index. 
504 |a Bibliography: pages [219]-240. 
650 0 |a Land use  |x Law and legislation  |z Hawaii. 
999 |a MARS 
999 f f |s a8ea2498-c343-3a39-a57b-01ecc5e84890  |i 613e4503-8ec9-3fe6-af2b-b32686e9defd  |t 0 
952 f f |p ric  |a Texas A&M University  |b Rellis Campus  |c Joint Library Facility  |d Remote Storage  |t 0  |e KFH458 .C35 1984  |h Library of Congress classification  |i unmediated -- volume  |m A14808466118 
998 f f |a KFH458 .C35 1984  |t 0  |l Remote Storage